000
00350nam a2200157Ia 4500
100
_a
Pless/Vera
250
_a
3
942
_c
BK
654
_a
error correcting codes
245
_a
Introduction to the theory of error-correcting codes
260
_b
John Wiley
_c
2003
082
_a
3.54
_b
PLE
300
_a
207
546
_a
ENGLISH
999
_c
26025
_d
26025